| 000 | 01125nam a22003017a 4500 | ||
|---|---|---|---|
| 001 | 4951 | ||
| 003 | FISKH | ||
| 005 | 20241028121248.0 | ||
| 008 | 241028b cb ||||| |||| 00| 0 eng d | ||
| 020 | _a9780753463130 | ||
| 040 |
_aFISKH _beng _cFISKH _dFISKH |
||
| 050 | _aDS44.S697 | ||
| 082 | _a956 | ||
| 100 | _a Philip Steele | ||
| 245 |
_aThe Middle East (Kingfisher Knowledge) / _cby Philip Steele |
||
| 250 | _aFirst published in hardcover in 2006 | ||
| 260 |
_aNew York : _bKingfisher ; _c2006 . |
||
| 300 |
_a63 pages : _bcolor illustrations ; _c28 cm . |
||
| 490 | _aKingfisher Knowledge | ||
| 505 | _aZ | ||
| 520 | _aAn account of the Middle East including its history as the birthplace of civilization as well as its modern nations. Provides an account of the history of the Middle East and sixteen of the countries that comprise it, discussing their geography, culture, art, religion, and other related topics. | ||
| 521 | 8 |
_a1110
_bLexile NC |
|
| 521 | 8 |
_aZ
_bRaz-Plus |
|
| 650 |
_ageography _vnon-ficiton |
||
| 700 |
_aAdams, Paul _eeditor |
||
| 942 |
_2ddc _cBK _n0 |
||
| 999 |
_c4951 _d4951 |
||